000
00307nam a2200133Ia 4500
008
240624s9999 xx 000 0 und d
041
_a
eng
082
_a
823 BRO
100
_a
BROWN DAN
245
_a
DECEPTION POINT
260
_c
2001
_a
Great Britain
_b
Corgi Books
300
_a
585p. ; 18cm.
365
_c
BPS
999
_c
3976
_d
3976